| 000 | 00654nam a2200193 a 4500 | ||
|---|---|---|---|
| 005 | 20250225063830.0 | ||
| 008 | 991125s1988 mx 000 0 spa u | ||
| 020 | _a9686048596 | ||
| 035 | _aUPN01000031412 | ||
| 049 | _aLT | ||
| 050 | 4 |
_aLB1181 M6 _bA4.5 |
|
| 100 | 1 |
_aAguirre del Valle, Eloísa _930594 |
|
| 245 | 1 | 0 |
_aIniciación en la lectoescritura : _bdesarrollo natural de la lengua oral y escrita / _cEloísa Aguirre del Valle, Ma. Antonieta Sandoval Padilla. |
| 260 |
_aMéxico : _bSITESA, _c1988. |
||
| 300 |
_a48 p. : _bil. |
||
| 650 | 4 |
_aLectoescritura _92985 |
|
| 700 | 1 |
_aSandoval Padilla, María Antonieta, _ecoaut. _929950 |
|
| 905 | _aLibro | ||
| 999 |
_c31412 _d31412 |
||